| 000 | 01243cam a2200337 a 4500 | ||
|---|---|---|---|
| 999 |
_c22604 _d22604 |
||
| 001 | 14078319 | ||
| 003 | BDDh-ASL | ||
| 005 | 20231015030139.0 | ||
| 008 | 050817s2005 bg ab b 000 0 eng | ||
| 010 | _a 2005323890 | ||
| 020 | _a9843222598 | ||
| 025 | _aB-E-2005-323890; 22 | ||
| 037 |
_bLibrary of Congress -- New Delhi Overseas Office _cTk250.00 ($15.00 U.S.) |
||
| 040 |
_aDLC _cDLC _dDLC _dBDDh-ASL |
||
| 042 | _alcode | ||
| 043 | _aa-bg--- | ||
| 050 | 0 | 0 |
_aHV609 _b.I75 2005 |
| 082 |
_a364.5492 _bISN |
||
| 100 | 1 |
_aIslam, Nazrul, _d1941- |
|
| 245 | 1 | 0 |
_aNatural hazards in Bangladesh : _bstudies in perception, impact, and coping strategies / _cNazrul Islam. |
| 260 |
_aDhaka : _bDisaster Research Training and Management Centre (DRTMC), _c2005. |
||
| 300 |
_aix, 122 p. : _bill., maps ; _c22 cm. |
||
| 504 | _aIncludes bibliographical references. | ||
| 520 | _aSpecially on flood damage and disaster relief in Bangladesh; articles. | ||
| 650 | 0 |
_aFlood damage _zBangladesh. |
|
| 650 | 0 |
_aDisaster relief _zBangladesh. |
|
| 710 | 2 |
_aUniversity of Dhaka. _bDisaster Research Training and Management Centre. |
|
| 906 |
_a7 _bcbc _corigode _d3 _encip _f20 _gy-gencatlg |
||
| 942 |
_2ddc _cBK |
||